00288 2200121 4500001002100000005001500021035002400036090001200060245003800072260002400110300002100134990001100155YOGYA00000000008862320140823110547 0010-081400000088340 a428 sha aPathways Good EngkishcShane, dkk a[S.L.]b[s.n]c1956 a319 hlm,b21 cm. a8600-a